Neoliberal and post-political urban governance: local government amalgamations in New South Wales, Australia (Record no. 510597)

000 -LEADER
fixed length control field 01349nam a2200169 4500
008 - FIXED-LENGTH DATA ELEMENTS--GENERAL INFORMATION
fixed length control field 190826b ||||| |||| 00| 0 eng d
100 ## - MAIN ENTRY--PERSONAL NAME
Personal name Uddin, Khandakar Al Farid
245 ## - TITLE STATEMENT
Title Neoliberal and post-political urban governance: local government amalgamations in New South Wales, Australia
260 ## - PUBLICATION, DISTRIBUTION, ETC. (IMPRINT)
Date of publication, distribution, etc 2019
300 ## - PHYSICAL DESCRIPTION
Extent p.97-109.
520 ## - SUMMARY, ETC.
Summary, etc The state of New South Wales (NSW) in Australia experienced council amalgamations from 2014 to 2017, amidst widespread disagreement from residents, community groups, councils, and politicians concerning the strategies and policy goals of the state government. In response, this article explores the experience in terms of a neoliberal and post-political framework, which offers a compelling lens to investigate the amalgamation aims and activity. A qualitative mixed methods approach is used to present a case study of three urban councils. The research reveals the critical underlying neoliberal/politico-economic benefits of amalgamation, and elucidates the techno-managerial, post-political processes employed by the state government in pursuit of its goals. - Reproduced.
650 ## - SUBJECT ADDED ENTRY--TOPICAL TERM
Topical term or geographic name as entry element Local government - Australia
9 (RLIN) 8849
650 ## - SUBJECT ADDED ENTRY--TOPICAL TERM
Topical term or geographic name as entry element Urban governance
9 (RLIN) 8850
773 ## - HOST ITEM ENTRY
Main entry heading Asia Pacific Journal of Public Administration
906 ## - LOCAL DATA ELEMENT F, LDF (RLIN)
Subject DIP Local government - New South Wales
942 ## - ADDED ENTRY ELEMENTS (KOHA)
Source of classification or shelving scheme
Item type Articles
Holdings
Withdrawn status Lost status Source of classification or shelving scheme Damaged status Not for loan Permanent location Current location Date acquired Serial Enumeration / chronology Barcode Date last seen Koha item type
          Indian Institute of Public Administration Indian Institute of Public Administration 2019-08-26 41(2), Jun, 2019: p.97-109. AR120512 2019-08-26 Articles

Powered by Koha